00531 2200193 4500001002100000008004100021035002000062245006200082100001700144260003400161300002300195020002200218084001600240082001100256650001300267990001900280990001900299990001900318INLIS000000000000458 ind  a0010-0625000126 aB.J Habibie, Kisah perjuangan dan InspirasicWeda S. Atma aAtma, Weda S aYogyakarta.bChecklist,c2024 a189 hlm.c20,5 cm. a978-602-6763-98-3 a923.2 NUR m a920.71 aBiografi a2100/MP.H/2024 a2101/MP.H/2024 a2102/MP.H/2025